<?xml version="1.0" encoding="UTF-8"?><?xml-stylesheet type="text/xsl" href="static/style.xsl"?><OAI-PMH xmlns="http://www.openarchives.org/OAI/2.0/" xmlns:xsi="http://www.w3.org/2001/XMLSchema-instance" xsi:schemaLocation="http://www.openarchives.org/OAI/2.0/ http://www.openarchives.org/OAI/2.0/OAI-PMH.xsd"><responseDate>2026-04-27T08:19:05Z</responseDate><request verb="GetRecord" identifier="oai:uvadoc.uva.es:10324/45792" metadataPrefix="marc">https://uvadoc.uva.es/oai/request</request><GetRecord><record><header><identifier>oai:uvadoc.uva.es:10324/45792</identifier><datestamp>2024-12-16T07:25:55Z</datestamp><setSpec>com_10324_1138</setSpec><setSpec>com_10324_931</setSpec><setSpec>com_10324_894</setSpec><setSpec>col_10324_1226</setSpec></header><metadata><record xmlns="http://www.loc.gov/MARC21/slim" xmlns:doc="http://www.lyncode.com/xoai" xmlns:xsi="http://www.w3.org/2001/XMLSchema-instance" xmlns:dcterms="http://purl.org/dc/terms/" xsi:schemaLocation="http://www.loc.gov/MARC21/slim http://www.loc.gov/standards/marcxml/schema/MARC21slim.xsd">
<leader>00925njm 22002777a 4500</leader>
<datafield tag="042" ind1=" " ind2=" ">
<subfield code="a">dc</subfield>
</datafield>
<datafield tag="720" ind1=" " ind2=" ">
<subfield code="a">Herrera Gómez, Francisco Magno</subfield>
<subfield code="e">author</subfield>
</datafield>
<datafield tag="720" ind1=" " ind2=" ">
<subfield code="a">Asensio González, María del Rosario</subfield>
<subfield code="e">author</subfield>
</datafield>
<datafield tag="720" ind1=" " ind2=" ">
<subfield code="a">González López, Anunciación</subfield>
<subfield code="e">author</subfield>
</datafield>
<datafield tag="720" ind1=" " ind2=" ">
<subfield code="a">Álvarez González, Francisco Javier</subfield>
<subfield code="e">author</subfield>
</datafield>
<datafield tag="260" ind1=" " ind2=" ">
<subfield code="c">2017</subfield>
</datafield>
<datafield tag="520" ind1=" " ind2=" ">
<subfield code="a">Background: Association between poor control of glycemia and the onset of microvascular complications in type 2 diabetes mellitus (T2DM) patients is a hard issue. However, it seems that the impact of pharmacological treatment is important only in early stages of diabetic nephropathy. We sought to examine whether intensive glycemic control is associated with improvement of clinical Chronic Kidney Disease (CKD) outcomes compared to standard glycemic control. Methods: Meta-analysis of published and unpublished randomized controlled trials (RCT) and post-hoc analysis of RCTs comparing anti-diabetic drugs and/or insulin (intensive control) vs. dietary measures (standard control) for relevant outcomes related to progression of CKD clinically manifest was undertaken. Summary estimates obtained by random effects model and funnel plots for assessing reporting bias are presented. Results: Our analysis was based on four RCTs representing 27,391 adult T2DM patients with CKD from around the world. The pooled OR for the outcomes of doubling of serum creatinine and need of dialysis were, respectively, of 0.98 with 95% confidence interval (95% CI) 0.81–1.19, and 0.84 with 95% CI 0.69–1.02. The pooled OR for the outcome of death from kidney failure was 0.62 with 95% CI 0.39–0.98. Clinical differences between studies were not translated in statistical heterogeneity. Reporting bias may be present. Conclusions: Intensive glycemic control has an effect on death from kidney failure compared to standard glycemic control. Better comprehension of glycemic control effects on both T2DM patients with and without CKD is important for individualization of these two treatment modalities.</subfield>
</datafield>
<datafield tag="024" ind2=" " ind1="8">
<subfield code="a">Frontiers in Pharmacology, 2017, vol. 8. 10 p.</subfield>
</datafield>
<datafield tag="024" ind2=" " ind1="8">
<subfield code="a">1663-9812</subfield>
</datafield>
<datafield tag="024" ind2=" " ind1="8">
<subfield code="a">http://uvadoc.uva.es/handle/10324/45792</subfield>
</datafield>
<datafield tag="024" ind2=" " ind1="8">
<subfield code="a">10.3389/fphar.2017.00845</subfield>
</datafield>
<datafield tag="245" ind1="0" ind2="0">
<subfield code="a">Effects of intensive control of glycemia on clinical kidney outcomes in type 2 diabetes patients compared with standard control: A meta-analysis</subfield>
</datafield>
</record></metadata></record></GetRecord></OAI-PMH>